<?xml version="1.0" encoding="UTF-8"?>
<record
    xmlns:xsi="http://www.w3.org/2001/XMLSchema-instance"
    xsi:schemaLocation="http://www.loc.gov/MARC21/slim http://www.loc.gov/standards/marcxml/schema/MARC21slim.xsd"
    xmlns="http://www.loc.gov/MARC21/slim">

  <leader>02613cam a2200409   4500500</leader>
  <controlfield tag="005">20260329004742.0</controlfield>
  <datafield tag="041" ind1=" " ind2=" ">
    <subfield code="a">fre</subfield>
  </datafield>
  <datafield tag="042" ind1=" " ind2=" ">
    <subfield code="a">dc</subfield>
  </datafield>
  <datafield tag="100" ind1="1" ind2="0">
    <subfield code="a">Saint Girons, Baldine</subfield>
    <subfield code="e">author</subfield>
  </datafield>
  <datafield tag="245" ind1="0" ind2="0">
    <subfield code="a">Les universaux d'imagination&#xA0;: une invention de Vico</subfield>
  </datafield>
  <datafield tag="260" ind1=" " ind2=" ">
    <subfield code="c">2010.
							</subfield>
  </datafield>
  <datafield tag="500" ind1=" " ind2=" ">
    <subfield code="a">89</subfield>
  </datafield>
  <datafield tag="520" ind1=" " ind2=" ">
    <subfield code="a">R&#xE9;sum&#xE9;Pr&#xE9;tendant &#xE9;tablir les &#xAB;&#xA0;principes&#xA0;&#xBB; (universels et n&#xE9;cessaires, par d&#xE9;finition) d&#x2019;une &#xAB;&#xA0;science nouvelle concernant la nature commune des nations&#xA0;&#xBB;, Vico postule l&#x2019;existence d&#x2019;un &#xAB;&#xA0;fond commun de v&#xE9;rit&#xE9;&#xA0;&#xBB; propre aux &#xAB;&#xA0;id&#xE9;es uniformes, n&#xE9;es chez des peuples inconnus les uns des autres&#xA0;&#xBB;. L&#x2019;universel s&#x2019;appr&#xE9;hende &#xE0; partir du commun, mais sous la condition expresse qu&#x2019;on ne se contente pas de l&#x2019;observation empirique, con&#xE7;ue comme ultime instance de l&#xE9;gitimation, mais qu&#x2019;on privil&#xE9;gie le travail inventif de l&#x2019;imagination et le travail critique de la raison, prise comme pouvoir de validation. L&#x2019;imagination monte &#xE0; l&#x2019;universel et elle produit des &#xAB;&#xA0;universaux d&#x2019;imagination&#xA0;&#xBB;, dont il importe de comprendre le statut et la fonction.</subfield>
  </datafield>
  <datafield tag="520" ind1=" " ind2=" ">
    <subfield code="a">In the will to establish the principles (which are universal and necessary, by definition) of &#xAB;&#xA0;a new science concerning the common nature of nations&#xA0;&#xBB;, Vico postulates the existence of &#xAB;&#xA0;a common ground of truth&#xA0;&#xBB;, which feeds &#xAB;&#xA0;uniform ideas originating among entire peoples unknown to each other&#xA0;&#xBB;. Universal is thought from the common, but under the express condition that one should not satisfy himself with empirical observation, conceived as an ultimate instance of legitimation, but should privilege the inventive work of imagination and the critical work of reason, understood as a power of validation. Imagination raises itself to universal and brings forth &#xAB;&#xA0;imaginative universals&#xA0;&#xBB;, whose statute and function remain to be understood.</subfield>
  </datafield>
  <datafield tag="690" ind1=" " ind2=" ">
    <subfield code="a">anthropologie compar&#xE9;e</subfield>
  </datafield>
  <datafield tag="690" ind1=" " ind2=" ">
    <subfield code="a">commun</subfield>
  </datafield>
  <datafield tag="690" ind1=" " ind2=" ">
    <subfield code="a">critique</subfield>
  </datafield>
  <datafield tag="690" ind1=" " ind2=" ">
    <subfield code="a">esth&#xE9;tique</subfield>
  </datafield>
  <datafield tag="690" ind1=" " ind2=" ">
    <subfield code="a">loi</subfield>
  </datafield>
  <datafield tag="690" ind1=" " ind2=" ">
    <subfield code="a">multivers</subfield>
  </datafield>
  <datafield tag="690" ind1=" " ind2=" ">
    <subfield code="a">principe</subfield>
  </datafield>
  <datafield tag="690" ind1=" " ind2=" ">
    <subfield code="a">topique</subfield>
  </datafield>
  <datafield tag="690" ind1=" " ind2=" ">
    <subfield code="a">universaux d'imagination</subfield>
  </datafield>
  <datafield tag="690" ind1=" " ind2=" ">
    <subfield code="a">universel</subfield>
  </datafield>
  <datafield tag="690" ind1=" " ind2=" ">
    <subfield code="a">aesthetics</subfield>
  </datafield>
  <datafield tag="690" ind1=" " ind2=" ">
    <subfield code="a">common</subfield>
  </datafield>
  <datafield tag="690" ind1=" " ind2=" ">
    <subfield code="a">comparative anthropology</subfield>
  </datafield>
  <datafield tag="690" ind1=" " ind2=" ">
    <subfield code="a">critic</subfield>
  </datafield>
  <datafield tag="690" ind1=" " ind2=" ">
    <subfield code="a">imaginative universals</subfield>
  </datafield>
  <datafield tag="690" ind1=" " ind2=" ">
    <subfield code="a">law</subfield>
  </datafield>
  <datafield tag="690" ind1=" " ind2=" ">
    <subfield code="a">multiverse</subfield>
  </datafield>
  <datafield tag="690" ind1=" " ind2=" ">
    <subfield code="a">principle</subfield>
  </datafield>
  <datafield tag="690" ind1=" " ind2=" ">
    <subfield code="a">topic</subfield>
  </datafield>
  <datafield tag="690" ind1=" " ind2=" ">
    <subfield code="a">universal</subfield>
  </datafield>
  <datafield tag="786" ind1="0" ind2=" ">
    <subfield code="n">Insistance | 4 | 1 | 2010-11-29 | p. 35-46 | 1778-7807</subfield>
  </datafield>
  <datafield tag="856" ind1="4" ind2="1">
    <subfield code="u">https://shs.cairn.info/revue-insistance-2010-1-page-35?lang=fr&amp;redirect-ssocas=7080</subfield>
  </datafield>
  <datafield tag="999" ind1=" " ind2=" ">
    <subfield code="c">1836970</subfield>
    <subfield code="d">1836970</subfield>
  </datafield>
</record>
